Strengthening inland waterway transport Pan-European co-operation for progress

Salvato in:
Dettagli Bibliografici
Ente Autore: OECD. European Conference of Ministers of Transport
Natura: Libro
Lingua:inglese
Pubblicazione: Paris OECD 2006
Soggetti:
Tags: Aggiungi Tag
Nessun Tag, puoi essere il primo ad aggiungerne!!

MARC

LEADER 00000nam$a2200000$$$4500
001 0055470
005 20240104135428.3
020 |a 92-821-1354-X 
041 0 |a eng 
044 |a FR 
245 1 0 |a Strengthening inland waterway transport  |b Pan-European co-operation for progress 
264 1 |a Paris  |b OECD  |c 2006 
300 |a 133 s. 
610 2 0 |a doprava vodná vnútroštátna 
610 2 0 |a doprava vodná 
610 2 0 |a doprava riečna 
610 2 0 |a trh dopravný 
610 2 0 |a Európa 
610 2 0 |a ochrana prostredia životného 
710 2 |a OECD. European Conference of Ministers of Transport